Against the elements (Record no. 121230)
[ view plain ]
| 000 -LEADER | |
|---|---|
| fixed length control field | 00786nas a22002297a 4500 |
| 001 - CONTROL NUMBER | |
| control field | K121230 |
| 007 - PHYSICAL DESCRIPTION FIXED FIELD--GENERAL INFORMATION | |
| fixed length control field | ta |
| 008 - FIXED-LENGTH DATA ELEMENTS--GENERAL INFORMATION | |
| fixed length control field | 200319b2008 ||||| |||| 00| 0 eng d |
| 041 ## - LANGUAGE CODE | |
| Language code of text/sound track or separate title | eng |
| 100 ## - MAIN ENTRY--PERSONAL NAME | |
| Personal author | Wilson, Robyn |
| 245 ## - TITLE STATEMENT | |
| Title | Against the elements |
| 490 ## - SERIES TITLE | |
| Series statement | RICS Modus |
| Volume | March 2020, 12-18(7) |
| 520 ## - ABSTRACT | |
| Abstract | Examines how building design can adapt to tackle the frequency and intensity of climate events due to global warming. It focuses on wind, water, heat and cold. References the RICS report "Changing priorities in investor decision-making: the sustainability agenda." |
| 650 ## - KEYWORDS | |
| Keywords | GLOBAL WARMING |
| 650 ## - KEYWORDS | |
| Keywords | ENVIROMENT |
| 650 ## - KEYWORDS | |
| Keywords | WIND |
| 650 ## - KEYWORDS | |
| Keywords | FLOOD |
| 650 ## - KEYWORDS | |
| Keywords | WATER |
| 650 ## - KEYWORDS | |
| Keywords | VALUE THE PLANET |
| 651 ## - SUBJECT ADDED ENTRY--GEOGRAPHIC NAME | |
| Geographic name | United Kingdom |
| 690 ## - LOCAL SUBJECT ADDED ENTRY--TOPICAL TERM (OCLC, RLIN) | |
| 9 (RLIN) | 6271 |
| Topical term or geographic name as entry element | Sustainability |
| Withdrawn status | Lost status | Source of classification or shelving scheme | Damaged status | Koha normalized classification for sorting | Not for loan | Home library | Current library | Shelving location | Date acquired | Total Checkouts | Full call number | Date last seen | Price effective from | Koha item type |
|---|---|---|---|---|---|---|---|---|---|---|---|---|---|---|
| Dewey Decimal Classification | ONLINE | London | London | Journal article | 19/03/2020 | ONLINE | 19/03/2020 | 19/03/2020 | Journal article |